[Event "GER-ch U25-B"]
[Site "Willingen"]
[Date "2019.06.13"]
[Round "7"]
[White "Von der Weyden, Louis"]
[Black "Grossmann, Piet"]
[Result "0-1"]
[WhiteElo "1564"]
[BlackElo "1801"]
[PlyCount "118"]
[EventDate "2019.06.08"]
[EventType "swiss"]
[EventRounds "9"]
[EventCountry "GER"]
[SourceTitle "CBM 191 Extra"]
[Source "ChessBase"]
[SourceDate "2019.09.30"]
[SourceVersion "1"]
[SourceVersionDate "2019.09.30"]
[SourceQuality "1"]

1. c4 e6 2. e4 d5 3. cxd5 exd5 4. exd5 Nf6 5. Nc3 Nxd5 6. Bc4 Nb6 7. Be2 Be7 8. d4 c6 9. Nf3 0-0 10. 0-0 Be6 11. Be3 N8d7 12. Qc2 h6 13. Rfd1 Nf6 14. Ne5 Nbd5 15. Nxd5 Nxd5 16. Bd2 Qb6 17. Nf3 Bf6 18. Qe4 Rfe8 19. Qc2 Bg4 20. Qc4 Bxf3 21. Bxf3 Bxd4 22. Bxd5 Bxf2+ 23. Kh1 cxd5 24. Qxd5 Rad8 25. Qf3 Bd4 26. Bc3 Bxc3 27. Rxd8 Rxd8 28. Qxc3 Qf2 29. Rb1 Qd2 30. Qxd2 Rxd2 31. Kg1 a6 32. a4 Rd4 33. b3 Rb4 34. Rb2 f6 35. Kf2 a5 36. Ke3 b5 37. axb5 Rxb5 38. Kd3 a4 39. Kc4 Rxb3 40. Rxb3 axb3 41. Kxb3 Kf7 42. Kc4 Ke6 43. Kd4 Kf5 44. Ke3 Kg4 45. Ke4 h5 46. Ke3 h4 47. Ke2 Kf4 48. Kf2 g6 49. Ke2 g5 50. Kf2 g4 51. Ke2 Ke4 52. Kf2 f5 53. g3 hxg3+ 54. hxg3 Kd3 55. Kf1 Ke3 56. Kg2 Ke2 57. Kg1 Kf3 58. Kh2 Kf2 59. Kh1 Kxg3 0-1

[Event "GER-ch U25-B"]
[Site "Willingen"]
[Date "2018.05.20"]
[Round "2"]
[White "Guo, Philipp Ziming"]
[Black "Von der Weyden, Louis"]
[Result "0-1"]
[WhiteElo "1392"]
[BlackElo "1570"]
[PlyCount "86"]
[EventDate "2018.05.19"]
[EventType "swiss"]
[EventRounds "9"]
[EventCountry "GER"]
[SourceTitle "CBM 184 Extra"]
[Source "ChessBase"]
[SourceDate "2018.06.28"]
[SourceVersion "1"]
[SourceVersionDate "2018.06.28"]
[SourceQuality "1"]

1. e4 e5 2. Nf3 Nf6 3. Nc3 Nc6 4. d4 exd4 5. Nxd4 Bc5 6. Nb3 Bb6 7. Be2 h6 8. 0-0 0-0 9. Bf3 d6 10. Re1 Be6 11. Nd5 Ne5 12. Nxb6 Nxf3+ 13. Qxf3 axb6 14. Nd4 c5 15. Nxe6 fxe6 16. e5 Nd5 17. Qg4 dxe5 18. Bxh6 Qf6 19. Be3 Nxe3 20. fxe3 Qf2+ 21. Kh1 Rf6 22. Qe2 Qxe2 23. Rxe2 Rxa2 24. Rc1 Rxb2 25. Kg1 b5 26. Rd2 b4 27. Rd8+ Rf8 28. Rd7 Ra8 29. Rxb7 Raa2 30. Rb8+ Kh7 31. Rb5 Rxc2 32. Rxc5 Rxg2+ 33. Kf1 Rxh2 34. Kg1 b3 35. Rb1 Rhd2 36. Rxe5 Rac2 37. Re4 b2 38. Rh4+ Kg8 39. Rf4 e5 40. Rf3 e4 41. Rf4 Rc1+ 42. Rf1 Rxb1 43. Rxb1 Rc2 0-1

[Event "GER-ch U25-B"]
[Site "Willingen"]
[Date "2017.06.07"]
[Round "6"]
[White "Kiefhaber, Tobias"]
[Black "Von der Weyden, Louis"]
[Result "0-1"]
[WhiteElo "1093"]
[BlackElo "1402"]
[PlyCount "55"]
[EventDate "2017.06.04"]
[EventType "swiss"]
[EventRounds "9"]
[EventCountry "GER"]
[SourceTitle "CBM 178 Extra"]
[Source "ChessBase"]
[SourceDate "2017.06.22"]
[SourceVersion "1"]
[SourceVersionDate "2017.06.22"]
[SourceQuality "1"]

1. d4 e6 2. c4 Nf6 3. Nc3 b6 4. Nf3 Bb7 5. Bg5 Be7 6. e3 0-0 7. Be2 h6 8. Bh4 d5 9. 0-0 Nbd7 10. Qd3 Ne4 11. Bxe7 Qxe7 12. b3 Rfd8 13. Rac1 Rac8 14. cxd5 exd5 15. Nb5 Ba6 16. Qd1 Bxb5 17. Bxb5 Nb8 18. Nd2 Nd6 19. Bd3 c5 20. Qf3 Qg5 21. Rfe1 cxd4 22. exd4 Qxd2 23. Qd1 Qxc1 24. Qxc1 Rxc1 25. Rxc1 f5 26. Rc7 Rd7 27. Rc1 Kf7 28. Re1 0-1

[Event "GER-ch U25-B"]
[Site "Willingen"]
[Date "2017.06.06"]
[Round "5"]
[White "Von der Weyden, Louis"]
[Black "Grimm, Nicola Marie"]
[Result "1/2-1/2"]
[WhiteElo "1402"]
[BlackElo "1239"]
[PlyCount "66"]
[EventDate "2017.06.04"]
[EventType "swiss"]
[EventRounds "9"]
[EventCountry "GER"]
[SourceTitle "CBM 178 Extra"]
[Source "ChessBase"]
[SourceDate "2017.06.22"]
[SourceVersion "1"]
[SourceVersionDate "2017.06.22"]
[SourceQuality "1"]

1. c4 c5 2. Nc3 Nf6 3. e4 Nc6 4. g3 g6 5. Bg2 d6 6. Nge2 Bg7 7. 0-0 0-0 8. a3 Bd7 9. Rb1 Rb8 10. b4 b6 11. b5 Ne5 12. d3 Bg4 13. f4 Ned7 14. h3 Bxe2 15. Qxe2 Nh5 16. Qe1 Nxg3 17. Qxg3 Bxc3 18. Bb2 Bxb2 19. Rxb2 e5 20. Rbf2 exf4 21. Qxf4 Ne5 22. Qg3 Rb7 23. h4 h5 24. Bh3 Qe7 25. Rd1 Kh8 26. Bf1 Ng4 27. Rf4 Qe5 28. Rf3 Qd4+ 29. Kh1 Ne5 30. Rd2 Nxf3 31. Qxf3 Re7 32. Bh3 Qa1+ 33. Kh2 Qe5+ 1/2-1/2

[Event "GER-ch U25-B"]
[Site "Willingen"]
[Date "2016.05.15"]
[Round "1"]
[White "Lilienthal, Niels Bennett"]
[Black "Von der Weyden, Louis"]
[Result "1-0"]
[WhiteElo "1530"]
[BlackElo "1237"]
[PlyCount "115"]
[EventDate "2016.05.15"]
[EventType "swiss"]
[EventRounds "9"]
[EventCountry "GER"]
[SourceTitle "CBM 172 Extra"]
[Source "ChessBase"]
[SourceDate "2016.06.21"]
[SourceVersion "1"]
[SourceVersionDate "2016.06.21"]
[SourceQuality "1"]

1. d4 e6 2. e3 Nf6 3. Bd3 b6 4. Nf3 Bb7 5. 0-0 Be7 6. Nbd2 c5 7. b3 0-0 8. Bb2 d5 9. c4 Nbd7 10. Qc2 Bd6 11. e4 cxd4 12. Bxd4 e5 13. Bb2 d4 14. Ng5 Ng4 15. Nh3 Bb4 16. Qd1 Nc5 17. Nf3 Nxe4 18. Bxe4 Bxe4 19. Qe2 Bg6 20. Nxe5 Nxe5 21. Qxe5 Bc5 22. Rad1 Re8 23. Qg3 f6 24. a3 Bc2 25. Rd2 d3 26. Nf4 Qc7 27. Nxd3 Qxg3 28. hxg3 Rad8 29. Rxc2 Rxd3 30. b4 Bd4 31. Bxd4 Rxd4 32. c5 Rc8 33. Rfc1 b5 34. Kf1 Kf7 35. Ke2 Re8+ 36. Kf1 Ke7 37. Re1+ Kd7 38. Rxe8 Kxe8 39. Rc3 Kd7 40. Ke2 Rd5 41. Rd3 Rxd3 42. Kxd3 Kc6 43. Ke4 g6 44. g4 h6 45. f4 a5 46. Kd4 axb4 47. axb4 f5 48. gxf5 gxf5 49. Ke5 h5 50. Kxf5 h4 51. Ke6 h3 52. gxh3 Kc7 53. Ke7 Kb7 54. f5 Ka6 55. f6 Ka7 56. f7 Kb7 57. f8Q Ka6 58. Qa8# 1-0